| 000 | 00402nam a22001457a 4500 | ||
|---|---|---|---|
| 003 | MACL | ||
| 005 | 20180227122735.0 | ||
| 008 | 180227b xxu||||| |||| 00| 0 eng d | ||
| 040 | _cMACL | ||
| 100 |
_aChowdhury, Inaira _970791 |
||
| 245 | _aGrowing the Tree of Scince : Homi Bhabha and Tata Institue of Fundamental | ||
| 260 |
_aDelhi _bOxford _c2016 |
||
| 650 |
_aHistory _970792 |
||
| 942 |
_2ddc _cBK |
||
| 999 |
_c57311 _d57311 |
||